| 000 | 00431 a2200169 4500 | ||
|---|---|---|---|
| 003 | NUST | ||
| 005 | 20230201103102.0 | ||
| 040 | _cNust | ||
| 082 | _a942.05,STR | ||
| 100 |
_aStrachey, Lytton _9108059 |
||
| 245 |
_aElizabeth and Essex / _cLytton Strachey |
||
| 260 |
_aLondon _bThe British Pub _c1943 |
||
| 300 | _a165 p. | ||
| 505 | _aContents not Available | ||
| 650 |
_aBritish History _9108339 |
||
| 942 |
_2ddc _cBK _k942.05,STR |
||
| 999 |
_c187258 _d187258 |
||